Ceramic HTSC SQUID-based galvanometer; Journal of Superconductivity; Vol. 5, iss. 3

Dettagli Bibliografici
Parent link:Journal of Superconductivity.— , 1988-
Vol. 5, iss. 3.— 1992.— [P. 251-254]
Autore principale: Uchaykin S. V. Sergey Victorovich
Altri autori: Hiep L. K.
Riassunto:Title screen
A highly sensitive galvanometer operating at liquid-nitrogen temperature for direct and low-frequency current measurements was developed on the basis of a HTSC SQUID. The direct-current sensitivity of the galvanometer is approximately 0.5 nA at an internal resistance of about 20 Ω. Its energy resolution in the white noise region is 2 × 10−21 J/Hz
Режим доступа: по договору с организацией-держателем ресурса
Lingua:inglese
Pubblicazione: 1992
Soggetti:
Accesso online:http://link.springer.com/article/10.1007/BF00617625?no-access=true
Natura: MixedMaterials Elettronico Capitolo di libro
KOHA link:https://koha.lib.tpu.ru/cgi-bin/koha/opac-detail.pl?biblionumber=637235

MARC

LEADER 00000nla0a2200000 4500
001 637235
005 20250416091353.0
035 |a (RuTPU)RU\TPU\network\1333 
035 |a RU\TPU\network\1330 
090 |a 637235 
100 |a 20140610d1992 k||y0rusy50 ba 
101 0 |a eng 
102 |a US 
135 |a arcn ---uucaa 
181 0 |a i  
182 0 |a b 
200 1 |a Ceramic HTSC SQUID-based galvanometer  |f S. V. Uchaykin, L. K. Hiep 
203 |a Text  |c electronic 
300 |a Title screen 
320 |a [References: p. 254 (11 tit.)] 
330 |a A highly sensitive galvanometer operating at liquid-nitrogen temperature for direct and low-frequency current measurements was developed on the basis of a HTSC SQUID. The direct-current sensitivity of the galvanometer is approximately 0.5 nA at an internal resistance of about 20 Ω. Its energy resolution in the white noise region is 2 × 10−21 J/Hz 
333 |a Режим доступа: по договору с организацией-держателем ресурса 
461 |t Journal of Superconductivity  |d 1988- 
463 |t Vol. 5, iss. 3  |v [P. 251-254]  |d 1992 
610 1 |a труды учёных ТПУ 
610 1 |a электронный ресурс 
700 1 |a Uchaykin  |b S. V.  |c specialist in the field of non-destructive testing  |c Engineer of Tomsk Polytechnic University, Doctor of physical and mathematical sciences  |f 1963-  |g Sergey Victorovich  |3 (RuTPU)RU\TPU\pers\32279 
701 1 |a Hiep  |b L. K. 
801 1 |a RU  |b 63413507  |c 20100625 
801 2 |a RU  |b 63413507  |c 20160512  |g RCR 
850 |a 63413507 
856 4 |u http://link.springer.com/article/10.1007/BF00617625?no-access=true 
942 |c CF